[Event "Berlin Lichtenberger op 13th"]
[Site "Berlin"]
[Date "2014.08.16"]
[Round "1"]
[White "Stets, Dmitry"]
[Black "Kuechler, Felix"]
[Result "1-0"]
[WhiteElo "2419"]
[BlackElo "1735"]
[PlyCount "61"]
[EventDate "2014.08.16"]
[EventType "swiss"]
[EventRounds "9"]
[EventCountry "GER"]
[SourceTitle "CBM 161 Extra"]
[Source "ChessBase"]
[SourceDate "2014.08.29"]
[SourceVersion "1"]
[SourceVersionDate "2014.08.29"]
[SourceQuality "1"]

1. e4 c5 2. Nf3 Nc6 3. Nc3 g6 4. d4 cxd4 5. Nxd4 Bg7 6. Be3 Nf6 7. Bc4 0-0 8. Bb3 d6 9. f3 a6 10. Qd2 Qc7 11. 0-0-0 Nxd4 12. Bxd4 b5 13. Bxf6 exf6 14. Qxd6 Qa7 15. Kb1 f5 16. e5 Qf2 17. Rd2 Qe3 18. Re2 Qg5 19. h4 Qd8 20. Nd5 Re8 21. Qxd8 Rxd8 22. Nf6+ Bxf6 23. exf6 Bb7 24. Rhe1 Kf8 25. Bxf7 Bxf3 26. gxf3 Kxf7 27. Re7+ Kg8 28. h5 Rf8 29. Rg7+ Kh8 30. Ree7 Rxf6 31. h6 1-0

[Event "Berlin Lichtenberger op 8th"]
[Site "Berlin"]
[Date "2009.08.22"]
[Round "8"]
[White "Schlittermann, Wolfgang"]
[Black "Kuechler, Felix"]
[Result "0-1"]
[WhiteElo "1644"]
[BlackElo "1714"]
[PlyCount "108"]
[EventDate "2009.08.15"]
[EventType "swiss"]
[EventRounds "9"]
[EventCountry "GER"]
[SourceTitle "CBM 131 Extra"]
[Source "ChessBase"]
[SourceDate "2009.09.03"]
[SourceVersion "2"]
[SourceVersionDate "2009.09.16"]
[SourceQuality "1"]

1. Nf3 Nf6 2. c4 d5 3. e3 Nc6 4. cxd5 Nxd5 5. a3 e5 6. Bb5 Bg4 7. b3 Bxf3 8. Qxf3 Qd7 9. 0-0 Be7 10. Bc4 Nf6 11. Nc3 0-0 12. d3 Rab8 13. b4 a6 14. Rd1 Rfd8 15. Bb2 Qe8 16. Nd5 Qd7 17. Nxe7+ Qxe7 18. Rac1 Rd6 19. Bb3 Na7 20. Qg3 Re8 21. Rc5 Nc6 22. Ba4 Nd7 23. Bxc6 Nxc5 24. Bxe8 Nxd3 25. Bxf7+ Kxf7 26. Ba1 Kg8 27. Qg4 e4 28. Qc8+ Qd8 29. Qxd8+ Rxd8 30. f3 exf3 31. gxf3 Rd7 32. Kf1 c5 33. bxc5 Nxc5 34. Rxd7 Nxd7 35. Bd4 g6 36. Ke2 Kf7 37. Kd3 Ke6 38. Ke4 b5 39. Kf4 Kd5 40. Kg5 Ne5 41. Kf4 Nd3+ 42. Kg3 a5 43. Bg7 b4 44. axb4 axb4 45. Kg4 b3 46. Kg5 Ne5 47. f4 b2 48. Bxe5 b1Q 49. h4 Qg1+ 50. Kh6 Qxe3 51. Kxh7 Qg3 52. Kh6 Ke6 53. Kg7 Qxh4 54. Kxg6 Qg4+ 0-1